| 000 | 00672nam a22002177a 4500 | ||
|---|---|---|---|
| 001 | 8635 | ||
| 003 | BD-JhCC | ||
| 005 | 20231029102545.0 | ||
| 008 | 180228b1978 bg ||||| |||| 00| 0 ben d | ||
| 035 | _a(BD-JhCC)8635 | ||
| 040 |
_aBD-JhCC _dBD-JhCC |
||
| 041 | _aben | ||
| 082 |
_a581 _bHAS 1996 |
||
| 100 | _aহাসান, ডঃ মোহাম্মদ আবুল | ||
| 245 |
_aউদ্ভিদ বিজ্ঞান / _c ডঃ মোহাম্মদ আবুল হাসান |
||
| 260 |
_aঢাকাঃ _bহাসান বুক হাউস _c1996. |
||
| 300 |
_a628/ 84 p. : _c19 cm. |
||
| 650 | _aBotany | ||
| 942 |
_2ddc _cBK |
||
| 999 |
_c8635 _d8635 |
||